Normal view
MARC view
- Myron, Vicki,
Entry Nombre Personal
001 - NUMERO DE CONTROL
- campo de control: 37630
003 - IDENTIFICADOR DE NUMERO DE CONTROL
- campo de control: UPN
005 - FECHA Y HORA DE LA ÜLTIMA TRANSACCIÓN
- campo de control: 20210219194527.0
008 - DATOS DE LONGITUD FIJA
- campo de control de longitud fija: nabaccnnaabn|||||||||| b |nc|||||d
035 ## - NUMERO DE CONTROL
- Número de control: UPN11000009737
040 ## - FUENTE DE CATALOGACIÓN
- Lenguaje de catalogación: SPA
- Agencia de transcripción: UPN
100 1# - ENCABEZAMIENTO - NOMBRE PERSONAL
- Nombre personal: Myron, Vicki,
- Fechas asociadas con el nombre: 1947-
670 ## - FUENTE EN LA QUE SE LOCALIZARON DATOS
- Cita de la fuente: LC/P
680 ## - NOTA PUBLICA DE ACCESO PÚBLICO
- Frase explicativa de la referencia: Nació en Spencer, Iowa, Estados Unidos. Se graduó de la escuela secundaria en Hartley luego se trasladó a Mankato, Minnesota. Se graduó de la Universidad Estatal de Emporia.
902 ## - CATALOGADOR
- Catalogador: MITM/080915
